Common property resources and human rights : (Record no. 74919)

MARC details
000 -LEADER
fixed length control field 01140nam a22002897a 4500
005 - DATE AND TIME OF LATEST TRANSACTION
control field 20130501114047.0
010 ## - LCCN (DPL NO)
LC control number ENG-106932
020 ## - INTERNATIONAL STANDARD BOOK NUMBER
International Standard Book Number 9788177083200
Terms of availability 835.00
035 ## - SYSTEM CONTROL NUMBER
System control number EN-90465
037 ## - SOURCE OF ACQUISITION
Source of stock number/acquisition DBAD/PUB
082 ## - DEWEY DECIMAL CLASSIFICATION NUMBER
Classification number 333.20954
100 ## - MAIN ENTRY--PERSONAL NAME
Personal name George, Rose Mary
245 ## - TITLE STATEMENT
Title Common property resources and human rights :
Statement of responsibility, etc by Rose Mary George.
Remainder of title politics of water struggles in India /
260 ## - PUBLICATION, DISTRIBUTION, ETC. (IMPRINT)
Place of publication, distribution, etc New Delhi
Name of publisher, distributor, etc New Century Publications
Date of publication, distribution, etc 2012
270 ## - ADDRESS
Address 4800/24, Bharat Ram Road, Ansari Road, Darya Ganj
City New Delhi
Postal code 110002
300 ## - PHYSICAL DESCRIPTION
Extent xxvii, 271p.
Dimensions 23cm(Hb)
500 ## - GENERAL NOTE
General note Includes bibliographical references (p. [249]-264) vand index.
650 ## - SUBJECT ADDED ENTRY--TOPICAL TERM
Topical term or geographic name as entry element Natural resources, Communal
Geographic subdivision India
-- Plachimada.
650 ## - SUBJECT ADDED ENTRY--TOPICAL TERM
Topical term or geographic name as entry element Natural resources, Communal
Geographic subdivision India
-- Sheonath.
650 ## - SUBJECT ADDED ENTRY--TOPICAL TERM
Topical term or geographic name as entry element Water-supply
Geographic subdivision India
-- Plachimada.
650 ## - SUBJECT ADDED ENTRY--TOPICAL TERM
Topical term or geographic name as entry element Water-supply
Geographic subdivision India
-- Sheonath.
650 ## - SUBJECT ADDED ENTRY--TOPICAL TERM
Topical term or geographic name as entry element Privatization
Geographic subdivision India
-- Plachimada.
650 ## - SUBJECT ADDED ENTRY--TOPICAL TERM
Topical term or geographic name as entry element Privatization
Geographic subdivision India
-- Sheonath.
650 ## - SUBJECT ADDED ENTRY--TOPICAL TERM
Topical term or geographic name as entry element Water rights
Geographic subdivision India
-- Plachimada.
650 ## - SUBJECT ADDED ENTRY--TOPICAL TERM
Topical term or geographic name as entry element Water rights
Geographic subdivision India
-- Sheonath.
942 ## - ADDED ENTRY ELEMENTS (KOHA)
Source of classification or shelving scheme Dewey Decimal Classification
Item type English Books
Classification part 333.20954
Call number suffix GEO
Holdings
Withdrawn status Lost status Not for loan Collection code Home library Current library Date acquired Source of acquisition Cost, normal purchase price Full call number Barcode Copy number Cost, replacement price Koha item type
    Not For Loan Non-fiction D.B.Act.Division D.B.Act.Division 29/04/2013 DBAD/PUB 835.00 333.20954 GEO EN-90465 1 835.00 English Books

© Delhi Public Library
Hit Counter
free hit counter